000 00474nam a22001817a 4500
003 NUST - PNEC
005 20170116180820.0
008 150617b xxu||||| |||| 00| 0 eng d
020 _a-
040 _cLIBRARY
082 _a297.9 ZAH
100 _94062
_aZahid Ali
245 _aTareekh Fatmeen e Misar Vol-1
_cDr. Zahid Ali
260 _aKarachi:
_bNafees Academy,
_cc1958.
300 _a334 p. :
_c22 cm.
650 _94064
_aIslam, History
_xGeneral
942 _2ddc
_cBK
999 _c63705
_d63705